A princesa da chuva (Registo nº 32049)

Detalhes MARC
000 -Etiqueta do registo
Valores 00843nam a2200277 4500
010 ## - Número ISBN
ISBN 9789720728470
021 ## - Número do Depósito Legal
-- PT
Número 393748/15
090 ## -
-- 32049
100 ## - Dados gerais de processamento
Dados gerais 20160225d2015 cd y0pory50030103ba
101 0# - Língua de publicação
-- por
102 ## - País de publicação
-- PT
200 1# - Titulo e menção de responsabilidade
Título próprio A princesa da chuva
Primeira menção de responsabilidade Luísa Ducla Soares
Outras menções de responsabilidade il. Ana Afonso
205 ## - Menção da edição
Edição reimp.
210 ## - Publicação
Local de publicação Porto
Nome do editor Porto Editora
Data de publicação 2017
215 ## - Descrição física 
Paginação / Volumes 31, [2] p.
Outras indicações físicas il.
Dimensões 30 cm
225 2# - Colecção 
Título próprio da colecção Luísa Ducla Soares
300 ## - Notas gerais 
Texto da nota Ler + Plano Nacional de Leitura.
675 ## - CDU
Notação 087.5
Edição BN
Língua por
675 ## - CDU
Notação 821.134.3-93"19/20"
Edição BN
Língua por
675 ## - CDU
Notação 821.134.3-34"19/20"
Edição BN
Língua por
700 ## - Autor principal (pessoa individual)
ID Autoridade 2431
Apelido Soares
Nome Luísa Ducla
Datas 1939-
-- 070
701 ## - Co-autor principal (pessoa individual)
-- 440
ID Autoridade 3600
Apelido Afonso
Nome Ana
801 #0 - Fonte de origem
País PT
Agência BN
Regras de catalogação RPC
856 41 - Localização e acesso electrónico 
URL <a href="http://rnod.bn.pt/ImagesBN/winlibimg.aspx?skey=&doc=1923562&img=73327&save=true">http://rnod.bn.pt/ImagesBN/winlibimg.aspx?skey=&doc=1923562&img=73327&save=true</a>
990 ## - Elementos KOHA
Tipo de documento Livro
Exemplares
Situação do levantamento Estado Biblioteca de origem Biblioteca de empréstimo Código de barras Cota Permissão de empréstimo Tipo de documento Nota relativa ao exemplar
  Completo Biblioteca Municipal de Viana Do Alentejo Biblioteca Municipal de Viana Do Alentejo 0031746 8 SOA Disponível Livro 6-10 anos




Powered by Koha